Microeconomics / (Record no. 61011)
[ view plain ]
| 000 -LEADER | |
|---|---|
| fixed length control field | 00688nam a2200241 a 4500 |
| 001 - CONTROL NUMBER | |
| control field | 61011 |
| 003 - CONTROL NUMBER IDENTIFIER | |
| rucl marc code | BD-RjUL |
| 005 - DATE AND TIME OF LATEST TRANSACTION | |
| control field | 20211209080918.0 |
| 008 - FIXED-LENGTH DATA ELEMENTS--GENERAL INFORMATION | |
| fixed length control field | 170114s1985 maua 001 0 eng d |
| 020 ## - INTERNATIONAL STANDARD BOOK NUMBER | |
| International Standard Book Number | 0201079542 (pbk.) : |
| Terms of availability | $19.95 |
| 035 ## - SYSTEM CONTROL NUMBER | |
| System control number | (BD-RjUL)61135 |
| 040 ## - CATALOGING SOURCE | |
| Original cataloging agency | DLC |
| Transcribing agency | DLC |
| Modifying agency | DLC |
| Language of cataloging | eng |
| 041 ## - LANGUAGE CODE | |
| Language code of text/sound track or separate title | eng |
| 082 00 - DEWEY DECIMAL CLASSIFICATION NUMBER | |
| Classification number | 338.5 |
| Edition number | 19 |
| Author mark and year | THM 1985 |
| 100 1# - MAIN ENTRY--PERSONAL NAME | |
| Personal name | Thompson, Allen R. |
| 9 (RLIN) | 182017 |
| 245 10 - TITLE STATEMENT | |
| Title | Microeconomics / |
| Statement of responsibility, etc. | Allen R. Thompson. |
| 260 ## - PUBLICATION, DISTRIBUTION, ETC. (IMPRINT) | |
| Place of publication, distribution, etc. | Reading, Mass. : |
| Name of publisher, distributor, etc. | Addison-Wesley Pub. Co., |
| Date of publication, distribution, etc. | c1985. |
| 300 ## - PHYSICAL DESCRIPTION | |
| Pagination | xxiii, 933, [31] p. : |
| Illustrations | ill. ; |
| Size | 28 cm. |
| 500 ## - GENERAL NOTE | |
| General note | Includes index. |
| 650 #0 - SUBJECT ADDED ENTRY--TOPICAL TERM | |
| Topical term or geographic name as entry element | Microeconomics. |
| 9 (RLIN) | 172724 |
| 942 ## - ADDED ENTRY ELEMENTS (KOHA) | |
| Source of classification or shelving scheme | Dewey Decimal Classification |
| Koha item type | Books |
| Lost status | Source of classification or shelving scheme | Damaged status | Not for loan | Collection code | Permanent Location | Current Location | Shelving location | Date acquired | Total Checkouts | Full call number | Date last seen | Copy number | Koha item type |
|---|---|---|---|---|---|---|---|---|---|---|---|---|---|
| Dewey Decimal Classification | Not For Loan | Non-fiction | Central Library, University of Rajshahi | Central Library, University of Rajshahi | Reading Room | 10/09/1988 | 338.5 THM 1985 | 14/01/2017 | C-1 | Books |